Schweden - Geschichte Quiz - Statistiken

Allgemein
  • Dieses Quiz wurde 44 mal gespielt
    21 seit der letzten Aktualisierung
  • Das Durchschnittsergebnis liegt bei 8 aus 15
Antwortstatistiken
Hinweis Antwort % Korrekt
Mittelalterliches Volk von Entdeckern, Händlern und Plünderern Wikinger
94%
Schriftstellerin bekannt für ihre Figuren Pippi Langstrumpf und Michel aus Lönneberga Astrid Lindgren
83%
Organisation, der Schweden als bisher neuestes Mitglied 2024 beitrat NATO
83%
Astronom und Physiker, der 1742 ein heute weltbekanntes Thermometersystem einführte Anders Celsius
67%
Aus diesem Land kamen 1943 etwa 7.000 jüdische Flüchtlinge nach Schweden Dänemark
67%
Ureinwohner Schwedens, bekannt für ihre Domestizierung des Rentiers Samen
67%
Berühmte schwedische Opernsängerin (1820-1887) Jenny Lind
56%
1394-1398 von den Vitalienbrüdern besetzte Insel Gotland
50%
Galeone, die bei ihrer Jungfernfahrt 1628 sank und später fast vollständig geborgen werden konnte Vasa
50%
Ministerpräsident, der sich stark für die Dritte Welt einsetzte und für dessen Ermordung 1986 über 30 Jahre kein Täter gefunden wurde Olof Palme
44%
In diesem Jahr wurde die Öresundbrücke zwischen Kopenhagen und Malmö eröffnet 2000
39%
Stadt, nach der die spätmittelalterliche Vereinigung Schwedens, Dänemarks und Norwegens benannt wurde Kalmar
39%
Krieg zwischen Schweden und Russland, der Schwedens Zeit als Großmacht beendete Großer Nordischer Krieg
17%
Ministerpräsident, der Schweden 1995 in die EU brachte Ingvar Carlsson
11%
Name des Königs, der 1872-1905 nicht nur Schweden, sondern auch Norwegen regierte Oskar II.
11%
Keine übereinstimmenden Quizze gefunden
Verteilung der Resultate
Anzahl Personen mit jedem Resultat
Perzentil nach korrekt beantworteten Fragen
Ihre Resultats-Entwicklung
Sie haben dieses Quiz seit der letzten Aktualisierung nicht gespielt